Anime nach Bildern - Statistiken

Allgemein
  • Dieses Quiz wurde 1.435 mal gespielt
  • Das Durchschnittsergebnis liegt bei 14 aus 16
Antwortstatistiken
Bildquiz Antwort % Korrekt
Naruto
99%
One Piece
99%
Dragon Ball Z
98%
Pokemon
98%
Jujutsu Kaisen
90%
Haikyu!!
89%
Bleach
88%
Chainsaw Man
88%
Blue Lock
85%
My Hero Academia
85%
Detektiv Conan
83%
Assassination Classroom
82%
Fire Force
80%
Solo Leveling
79%
Your Name. – Gestern, heute und für immer
72%
Die Tagebücher der Apothekerin
47%
Keine übereinstimmenden Quizze gefunden
Verteilung der Resultate
Anzahl Personen mit jedem Resultat
Perzentil nach korrekt beantworteten Fragen
Ihre Resultats-Entwicklung
Sie haben dieses Quiz noch nicht gespielt